000 00436nam a22001817a 4500
003 MPLRDC
005 20220104125354.0
008 210129b ||||| |||| 00| 0 eng d
020 _a7-5396-0801-3
082 _a857.9 CGZ v.2
100 _a长弓子
245 _a冷艳剑情. 下
_c
250 _a一版一刷
260 _a
_b安徽文艺出版社
_c1992
300 _b
650 _a武侠小说
942 _cBK
_o857.9 CGZ v.2
999 _c26834
_d26824